01453nam a22002297i 4500003000500000005001700005008004100022020003800063040002500101082002500126100005100151245004800202264008800250300005800338336002100396337002500417338002300442520060100465600003901066650006901105650004901174PPAK20190827152821.0190827s2019 my ao e o000 0beng d a9789674406172cRM38.00qpaperback aPPAKbengcPPAKerda04223a362.1969944400920 aJanatul Islah Mohammad, cProf., Dr.,eauthor.10aMy Lost Butterfly /cJanatul Islah Mohammad 1aNilai, Negeri Sembilan : bPENERBIT USIM, Universiti Sains Islam Malaysia, c[2019] axvi, 164 pages :billustrations, photographs ;c21 cm 2rdacontentatext 2rdamediaaunmediated 2rdacarrieravolume aThis book brings readers together with the author, unveiling physical, emotional, and spiritual roller coasters of a thyroid carcinoma fighter. The author has written her unexpected greatest test in her life with a thoughtful, passionate, yet well-explained description of what thyroid cancer is, through her use of plain words for layman readers, or otherwise explained more in details in the glossary section of this book. This book will give great benefit for the general public to enhance their knowledge on thyroid cancer as newly-diagnosed patients, caregivers, their families, and friends.0 aJanatul Islah Mohammad,vAnecdotes10aThyroid gland vCancerxPatientsxBiographyxAnecdoteszMalaysia20aThyroid gland vCancerxBiographyxAnecdotes